[Event "Moscow City Team-ch"]
[Site "Moscow"]
[Date "2021.09.11"]
[Round "1"]
[White "Gubajdullin, Alexey"]
[Black "Ratataev, Ilya"]
[Result "1-0"]
[WhiteElo "2298"]
[BlackElo "1835"]
[PlyCount "29"]
[EventDate "2021.09.11"]
[EventType "team-swiss"]
[EventRounds "7"]
[EventCountry "RUS"]
[SourceTitle "EXT 2022"]
[Source "ChessBase"]
[SourceDate "2021.10.06"]
[SourceVersion "1"]
[SourceVersionDate "2021.10.06"]
[SourceQuality "1"]

1. d4 Nf6 2. Nf3 e6 3. Bf4 c5 4. e3 Nc6 5. c3 d5 6. Nbd2 Be7 7. Bd3 0-0 8. Ne5 Nxe5 9. dxe5 Nd7 10. h4 f6 11. Qh5 g6 12. Bxg6 hxg6 13. Qxg6+ Kh8 14. Rh3 Nxe5 15. Qh5+ 1-0